000 00339nam a2200145Ia 4500
008 230312s9999||||xx |||||||||||||| ||und||
020 _a1-58816-631-9
082 _a745.92
_bWAG-V
100 _aWagner;Diane
245 0 _aVictoria Flawer Style
260 _bHearst
_aChina
_c2008
300 _a144
650 _aArchitecture
942 _cBK
999 _c12097
_d12097